[Event "GER-chT Christmas U16 Lasker"]
[Site "Playchess.com INT"]
[Date "2020.12.28"]
[Round "7.4"]
[White "Golubev, Egor"]
[Black "Mueller, Linus"]
[Result "0-1"]
[WhiteElo "1589"]
[BlackElo "1578"]
[PlyCount "58"]
[EventDate "2020.12.28"]
[EventType "team-swiss (blitz)"]
[EventRounds "7"]
[EventCountry "GER"]
[SourceTitle "CBM 200 Extra"]
[Source "ChessBase"]
[SourceDate "2021.03.31"]
[SourceVersion "1"]
[SourceVersionDate "2021.03.31"]
[SourceQuality "1"]
[WhiteTeam "Bischofswerda"]
[BlackTeam "Hamburger SK II"]
[WhiteTeamCountry "GER"]
[BlackTeamCountry "GER"]

1. Nf3 c5 2. d4 cxd4 3. Nxd4 Nc6 4. g3 g6 5. Bg2 Bg7 6. Nxc6 bxc6 7. Nc3 Nf6 8. 0-0 d5 9. e4 Bb7 10. exd5 cxd5 11. Bg5 e6 12. Na4 Rc8 13. Nc3 0-0 14. Qd3 Rc6 15. Nb5 Ba6 16. Rfd1 Qb6 17. a4 Rfc8 18. Be3 Qb8 19. Bxa7 Qb7 20. Qe3 Bxb5 21. axb5 Rxc2 22. b6 Ng4 23. Qb3 Nxf2 24. Rdb1 Bd4 25. Kf1 Ng4 26. h3 Nh2+ 27. Ke1 Rxg2 28. Qb5 Nf3+ 29. Kd1 Rd2# 0-1

[Event "GER-chT Christmas U16 Lasker"]
[Site "Playchess.com INT"]
[Date "2020.12.28"]
[Round "2.4"]
[White "Mueller, Linus"]
[Black "Huo, Da"]
[Result "0-1"]
[WhiteElo "1578"]
[BlackElo "1918"]
[PlyCount "96"]
[EventDate "2020.12.28"]
[EventType "team-swiss (blitz)"]
[EventRounds "7"]
[EventCountry "GER"]
[SourceTitle "CBM 200 Extra"]
[Source "ChessBase"]
[SourceDate "2021.03.31"]
[SourceVersion "1"]
[SourceVersionDate "2021.03.31"]
[SourceQuality "1"]
[WhiteTeam "Hamburger SK II"]
[BlackTeam "Hamburger SK"]
[WhiteTeamCountry "GER"]
[BlackTeamCountry "GER"]

1. e4 c6 2. d4 d5 3. Nc3 dxe4 4. Nxe4 Nf6 5. Nc3 g6 6. Nf3 Bg7 7. Bc4 0-0 8. 0-0 Nbd7 9. Re1 Re8 10. Bg5 h6 11. Bh4 Qc7 12. Bg3 Qb6 13. Bb3 Nh5 14. Ne5 Nxe5 15. Bxe5 Nf6 16. Ne4 Nxe4 17. Rxe4 Bf5 18. Rf4 Bxe5 19. dxe5 e6 20. g4 g5 21. Rd4 Bg6 22. c3 Rad8 23. Qd2 Rxd4 24. cxd4 Rd8 25. Rd1 Be4 26. Qe3 Bg6 27. Kg2 Qb4 28. f4 c5 29. fxg5 cxd4 30. Qd2 Qxd2+ 31. Rxd2 hxg5 32. Kf3 Kf8 33. Bc4 Ke7 34. b3 f5 35. exf6+ Kxf6 36. Re2 e5 37. Rd2 e4+ 38. Ke2 Ke5 39. h3 Rh8 40. Kd1 Rxh3 41. Kc2 e3+ 42. Bd3 exd2 43. Bxg6 Kf6 44. Bd3 Rxd3 45. Kxd3 d1R+ 46. Kc2 Rg1 47. Kd3 Rxg4 48. Ke2 Rf4 0-1

[Event "GER-chT Christmas U16 Lasker"]
[Site "Playchess.com INT"]
[Date "2020.12.28"]
[Round "6.4"]
[White "Mueller, Linus"]
[Black "Krstovic, Marko"]
[Result "0-1"]
[WhiteElo "1578"]
[BlackElo "1455"]
[PlyCount "68"]
[EventDate "2020.12.28"]
[EventType "team-swiss (blitz)"]
[EventRounds "7"]
[EventCountry "GER"]
[SourceTitle "CBM 200 Extra"]
[Source "ChessBase"]
[SourceDate "2021.03.31"]
[SourceVersion "1"]
[SourceVersionDate "2021.03.31"]
[SourceQuality "1"]
[WhiteTeam "Hamburger SK II"]
[BlackTeam "Duesseldorf"]
[WhiteTeamCountry "GER"]
[BlackTeamCountry "GER"]

1. e4 e5 2. Nf3 Nf6 3. Nxe5 d6 4. Nf3 Nxe4 5. d4 d5 6. Bf4 Bf5 7. Nc3 Nxc3 8. bxc3 c6 9. c4 Bb4+ 10. Bd2 Bd6 11. cxd5 cxd5 12. Bb5+ Nc6 13. c3 Qe7+ 14. Be3 0-0 15. 0-0 Rac8 16. Re1 Qc7 17. Qb3 Be6 18. Bxc6 Qxc6 19. Rac1 Rfe8 20. Bd2 Bg4 21. Ne5 Bxe5 22. Rxe5 Rxe5 23. dxe5 Be6 24. Rb1 b6 25. Qb2 Qc4 26. Rd1 Rc5 27. Qa3 Ra5 28. Qd6 h6 29. a3 Qe2 30. Rf1 Qxd2 31. Qc6 Rxa3 32. Qa8+ Kh7 33. c4 dxc4 34. f4 Bd5 0-1

[Event "GER-chT Christmas U16 Lasker"]
[Site "Playchess.com INT"]
[Date "2020.12.28"]
[Round "1.4"]
[White "Parladi, Berk"]
[Black "Mueller, Linus"]
[Result "0-1"]
[WhiteElo "1113"]
[BlackElo "1578"]
[PlyCount "64"]
[EventDate "2020.12.28"]
[EventType "team-swiss (blitz)"]
[EventRounds "7"]
[EventCountry "GER"]
[SourceTitle "CBM 200 Extra"]
[Source "ChessBase"]
[SourceDate "2021.03.31"]
[SourceVersion "1"]
[SourceVersionDate "2021.03.31"]
[SourceQuality "1"]
[WhiteTeam "Koeln Porz II"]
[BlackTeam "Hamburger SK II"]
[WhiteTeamCountry "GER"]
[BlackTeamCountry "GER"]

1. d4 Nf6 2. c4 e6 3. Nc3 Bb4 4. Qb3 Bxc3+ 5. Qxc3 b6 6. Nf3 d5 7. e3 Nbd7 8. Be2 c5 9. 0-0 Bb7 10. b3 0-0 11. Bb2 Rc8 12. Rac1 Qe7 13. Rfd1 Rfd8 14. dxc5 Nxc5 15. Bd3 Nxd3 16. Rxd3 dxc4 17. Rxd8+ Rxd8 18. bxc4 Qd6 19. Re1 Qc5 20. e4 a6 21. g4 h6 22. h4 e5 23. Nxe5 Nxe4 24. Rxe4 Rd1+ 25. Re1 Rxe1+ 26. Qxe1 f6 27. Nd7 Qc6 28. Qe8+ Kh7 29. Nf8+ Kg8 30. Ng6+ Qxe8 31. Nf4 Qc6 32. h5 Qh1# 0-1

[Event "DSOL 06 Liga Final 1st"]
[Site "Playchess.com INT"]
[Date "2020.09.04"]
[Round "2.3"]
[White "Mueller, Linus"]
[Black "Otremba, Edwin"]
[Result "1-0"]
[WhiteElo "1654"]
[BlackElo "1678"]
[PlyCount "73"]
[EventDate "2020.06.22"]
[EventType "team-k.o. (rapid)"]
[EventCountry "GER"]
[SourceTitle "EXT 2021"]
[Source "ChessBase"]
[SourceDate "2020.10.23"]
[SourceVersion "1"]
[SourceVersionDate "2020.10.23"]
[SourceQuality "1"]
[WhiteTeam "Hamburger SK VI"]
[BlackTeam "Essen Katernberg II"]
[WhiteTeamCountry "GER"]
[BlackTeamCountry "GER"]

1. e4 c5 2. Nf3 Nc6 3. d4 cxd4 4. Nxd4 Nf6 5. Nc3 e6 6. Bg5 Bb4 7. Ndb5 Bxc3+ 8. Nxc3 0-0 9. Bb5 h6 10. Bh4 g5 11. Bg3 a6 12. Bd3 e5 13. h4 g4 14. Qd2 Kh7 15. h5 d6 16. Bh4 Be6 17. Nd5 Bxd5 18. exd5+ e4 19. Bxf6 Qxf6 20. Bxe4+ Kg7 21. dxc6 Rfe8 22. Qd3 bxc6 23. 0-0 d5 24. Bf5 Qg5 25. Rfe1 Qxh5 26. Qd4+ Kg8 27. Qxg4+ Qxg4 28. Bxg4 Reb8 29. b3 Rb4 30. Bd7 c5 31. Re5 Rd4 32. Rae1 Kg7 33. R1e3 Rh8 34. Rf5 Rd1+ 35. Kh2 Rd2 36. Rg3+ Kf8 37. Re5 1-0

[Event "DSOL 06 Liga Gr-D 1st"]
[Site "Playchess.com INT"]
[Date "2020.07.31"]
[Round "6.1"]
[White "Kobert, Hans"]
[Black "Mueller, Linus"]
[Result "1-0"]
[WhiteElo "2002"]
[BlackElo "1654"]
[PlyCount "43"]
[EventDate "2020.06.22"]
[EventType "team-tourn (rapid)"]
[EventCountry "GER"]
[SourceTitle "EXT 2021"]
[Source "ChessBase"]
[SourceDate "2020.10.23"]
[SourceVersion "1"]
[SourceVersionDate "2020.10.23"]
[SourceQuality "1"]
[WhiteTeam "Windach"]
[BlackTeam "Hamburger SK VI"]
[WhiteTeamCountry "GER"]
[BlackTeamCountry "GER"]

1. d4 Nf6 2. Bf4 e6 3. Nf3 d5 4. e3 a6 5. Bd3 Nbd7 6. Nbd2 c5 7. c3 b5 8. 0-0 Bb7 9. Re1 Be7 10. Qe2 0-0 11. Rad1 Re8 12. Ne5 Nxe5 13. dxe5 Nd7 14. Qg4 Bf8 15. Qh3 h6 16. Nf3 f5 17. exf6 Qxf6 18. Qh5 e5 19. Bg5 hxg5 20. Bh7+ Kh8 21. Bg6+ Kg8 22. Qh7# 1-0

[Event "GER-chT School WK 3"]
[Site "Playchess.com INT"]
[Date "2020.06.15"]
[Round "2.3"]
[White "Mueller, Linus"]
[Black "Ellert, Stefan"]
[Result "0-1"]
[WhiteElo "1620"]
[BlackElo "1813"]
[PlyCount "76"]
[EventDate "2020.06.15"]
[EventType "team-swiss (blitz)"]
[EventRounds "5"]
[EventCountry "GER"]
[SourceTitle "EXT 2021"]
[Source "ChessBase"]
[SourceDate "2020.10.23"]
[SourceVersion "1"]
[SourceVersionDate "2020.10.23"]
[SourceQuality "1"]
[WhiteTeam "Hamburg Buckhorn Gymn"]
[BlackTeam "Berlin H Hertz Gymn"]
[WhiteTeamCountry "GER"]
[BlackTeamCountry "GER"]

1. e4 c6 2. d4 d5 3. Nc3 dxe4 4. Nxe4 Bf5 5. Ng3 Bg6 6. Nf3 Nf6 7. Bd3 e6 8. 0-0 Bd6 9. Bg5 Nbd7 10. Bxg6 hxg6 11. Ne4 Be7 12. Nxf6+ gxf6 13. Bf4 g5 14. Bg3 g4 15. Nd2 f5 16. f3 Nf6 17. Be5 Rg8 18. Qe2 Qd7 19. c3 0-0-0 20. b4 Nd5 21. Rac1 Bg5 22. f4 Be7 23. g3 f6 24. Nc4 fxe5 25. Nxe5 Qe8 26. Rfe1 Rh8 27. a3 Rh3 28. Nd3 Nc7 29. c4 Qh5 30. d5 Rh8 31. Rc2 Bf6 32. d6 Bd4+ 33. Kf1 Rxh2 34. d7+ Kxd7 35. Nc5+ Bxc5 36. Qd3+ Kc8 37. Rxh2 Qxh2 38. Qe2 Qh1# 0-1

[Event "Hamburg HSK Christmas op 4th"]
[Site "Hamburg"]
[Date "2018.12.29"]
[Round "6"]
[White "Herrmann, Sabine"]
[Black "Mueller, Linus"]
[Result "0-1"]
[WhiteElo "1553"]
[BlackElo "1445"]
[PlyCount "42"]
[EventDate "2018.12.27"]
[EventType "swiss"]
[EventRounds "7"]
[EventCountry "GER"]
[SourceTitle "CBM 188 Extra"]
[Source "ChessBase"]
[SourceDate "2019.02.28"]
[SourceVersion "1"]
[SourceVersionDate "2019.02.28"]
[SourceQuality "1"]

1. e4 c5 2. c3 Nc6 3. Nf3 d6 4. Bc4 Nf6 5. d3 Bg4 6. Be3 a6 7. Nbd2 Ne5 8. Qe2 Bxf3 9. gxf3 Qb6 10. Bb3 Nc6 11. Nc4 Qc7 12. 0-0-0 b5 13. Nd2 a5 14. c4 a4 15. Bc2 b4 16. Bb1 g6 17. Bf4 Nd4 18. Qe3 h6 19. e5 g5 20. exf6 gxf4 21. Qxf4 Ne2+ 0-1

[Event "Hamburg HSK Christmas op 4th"]
[Site "Hamburg"]
[Date "2018.12.27"]
[Round "2"]
[White "Mueller, Linus"]
[Black "Bloh, Fabian"]
[Result "1/2-1/2"]
[WhiteElo "1445"]
[BlackElo "1685"]
[PlyCount "87"]
[EventDate "2018.12.27"]
[EventType "swiss"]
[EventRounds "7"]
[EventCountry "GER"]
[SourceTitle "CBM 188 Extra"]
[Source "ChessBase"]
[SourceDate "2019.02.28"]
[SourceVersion "1"]
[SourceVersionDate "2019.02.28"]
[SourceQuality "1"]

1. e4 e6 2. d4 d5 3. e5 c5 4. Nf3 Nc6 5. Bb5 Bd7 6. Bxc6 bxc6 7. Be3 cxd4 8. Bxd4 c5 9. Be3 Qb6 10. b3 Ne7 11. 0-0 Nf5 12. Nbd2 Nxe3 13. fxe3 Be7 14. c4 0-0 15. Nb1 Rad8 16. Nc3 dxc4 17. bxc4 Qb4 18. Qb3 Bc6 19. Ne1 Rd2 20. Rd1 Rfd8 21. Rxd2 Rxd2 22. Rf2 Rd8 23. Rb2 Qa5 24. a4 Qc7 25. Nb5 Qa5 26. Kf1 a6 27. Nc3 Qb4 28. Ke2 Rb8 29. Qxb4 Rxb4 30. Rd2 Rxc4 31. Rd3 Bxa4 32. Nxa4 Rxa4 33. Rd7 Bf8 34. Rc7 g6 35. Nd3 c4 36. Nf2 Ra2+ 37. Kf3 Rc2 38. Ne4 Rc1 39. Nf6+ Kg7 40. Rc8 c3 41. g4 c2 42. Ke4 a5 43. g5 a4 44. Ne8+ 1/2-1/2

[Event "GER-chT U10"]
[Site "Magdeburg"]
[Date "2016.12.28"]
[Round "3.1"]
[White "Dornheim, Carl Friedrich"]
[Black "Mueller, Linus"]
[Result "0-1"]
[WhiteElo "1234"]
[BlackElo "1156"]
[PlyCount "76"]
[EventDate "2016.12.27"]
[EventType "team-swiss"]
[EventRounds "7"]
[EventCountry "GER"]
[SourceTitle "EXT 2018"]
[Source "ChessBase"]
[SourceDate "2017.10.13"]
[SourceVersion "1"]
[SourceVersionDate "2017.10.13"]
[SourceQuality "1"]
[WhiteTeam "Magdeburg Schachzwerge"]
[BlackTeam "Hamburger SK II"]
[WhiteTeamCountry "GER"]
[BlackTeamCountry "GER"]

1. e4 c5 2. c3 Nc6 3. d4 cxd4 4. cxd4 g6 5. Nf3 Bg7 6. Nc3 Qb6 7. Be3 Qxb2 8. Qc1 Qxc1+ 9. Rxc1 Nb4 10. a3 Nc6 11. Nd5 Kd8 12. Bc4 e6 13. Nf4 Nf6 14. Bd3 Ng4 15. 0-0 Nxe3 16. fxe3 d6 17. Ng5 Ke7 18. Ne2 f5 19. exf5 exf5 20. g4 Bh6 21. gxf5 Bxg5 22. fxg6 Bxe3+ 23. Kg2 Bxc1 24. Rf7+ Ke6 25. Bc4+ d5 26. Bxd5+ Kxd5 27. g7 Rg8 28. Ng3 Be6 29. Rxb7 Rab8 30. Rc7 Bf4 31. Nh5 Bxc7 32. Nf6+ Kxd4 33. Nh5 Bd5+ 34. Kh3 Rb3+ 35. Kh4 Bd8+ 36. Kg4 Be6+ 37. Kf4 h6 38. Nf6 Bc7# 0-1

[Event "GER-chT U10"]
[Site "Magdeburg"]
[Date "2016.12.28"]
[Round "5.1"]
[White "Schulemann, Gero"]
[Black "Mueller, Linus"]
[Result "1-0"]
[WhiteElo "1429"]
[BlackElo "1156"]
[PlyCount "47"]
[EventDate "2016.12.27"]
[EventType "team-swiss"]
[EventRounds "7"]
[EventCountry "GER"]
[SourceTitle "EXT 2018"]
[Source "ChessBase"]
[SourceDate "2017.10.13"]
[SourceVersion "1"]
[SourceVersionDate "2017.10.13"]
[SourceQuality "1"]
[WhiteTeam "Halle USV"]
[BlackTeam "Hamburger SK II"]
[WhiteTeamCountry "GER"]
[BlackTeamCountry "GER"]

1. e4 c5 2. c3 d5 3. exd5 Qxd5 4. d4 cxd4 5. cxd4 Nc6 6. Nf3 Bg4 7. Nc3 Qd7 8. h3 Bxf3 9. Qxf3 Nxd4 10. Qd1 Nf6 11. Be3 Nf5 12. Bb5 Nxe3 13. Bxd7+ Nxd7 14. fxe3 Rd8 15. Qa4 e6 16. 0-0 Bc5 17. Rfe1 a6 18. Ne4 Be7 19. Rad1 f5 20. Nd6+ Bxd6 21. Rxd6 Ke7 22. Red1 Nc5 23. Qh4+ Kf7 24. Rxd8 1-0

[Event "GER-ch U10"]
[Site "Willingen"]
[Date "2016.05.21"]
[Round "11.12"]
[White "Mueller, Linus"]
[Black "Hagenbeck Huebert, Ben"]
[Result "0-1"]
[WhiteElo "1077"]
[BlackElo "1428"]
[PlyCount "98"]
[EventDate "2016.05.15"]
[EventType "swiss"]
[EventRounds "11"]
[EventCountry "GER"]
[SourceTitle "CBM 172 Extra"]
[Source "ChessBase"]
[SourceDate "2016.06.21"]
[SourceVersion "1"]
[SourceVersionDate "2016.06.21"]
[SourceQuality "1"]

1. e4 e5 2. Nf3 Nc6 3. Bc4 Nf6 4. d3 Bc5 5. c3 a6 6. 0-0 Ba7 7. Qb3 0-0 8. Ng5 Qe7 9. Nd2 h6 10. Ngf3 Na5 11. Qa3 Qxa3 12. bxa3 Nxc4 13. Nxc4 d6 14. Be3 Be6 15. Na5 Bxe3 16. fxe3 b6 17. Nc6 Rfe8 18. Nb4 a5 19. Nc2 d5 20. exd5 Bxd5 21. d4 exd4 22. exd4 Ne4 23. Rfc1 Nxc3 24. Re1 Rxe1+ 25. Rxe1 Bxa2 26. Re7 Rc8 27. Ne5 Be6 28. Nc6 Kf8 29. Ne3 Nd5 30. Nxd5 Bxd5 31. Na7 Kxe7 32. Nxc8+ Kd7 33. Na7 c6 34. g3 Kc7 35. Kf2 Kb7 36. Nxc6 Kxc6 37. Ke3 g5 38. h4 Kb5 39. hxg5 hxg5 40. g4 Ka4 41. Kd3 Kxa3 42. Kc3 b5 43. Kc2 b4 44. Kd3 b3 45. Kd2 b2 46. Kc2 Be4+ 47. Kc3 b1Q 48. d5 Qb2+ 49. Kc4 Qb4# 0-1

[Event "GER-ch U10"]
[Site "Willingen"]
[Date "2016.05.20"]
[Round "10.17"]
[White "Kodalle, Dominik"]
[Black "Mueller, Linus"]
[Result "0-1"]
[WhiteElo "1399"]
[BlackElo "1077"]
[PlyCount "88"]
[EventDate "2016.05.15"]
[EventType "swiss"]
[EventRounds "11"]
[EventCountry "GER"]
[SourceTitle "CBM 172 Extra"]
[Source "ChessBase"]
[SourceDate "2016.06.21"]
[SourceVersion "1"]
[SourceVersionDate "2016.06.21"]
[SourceQuality "1"]

1. e4 c5 2. Nf3 Nc6 3. d4 cxd4 4. Nxd4 g6 5. c4 Bg7 6. Be3 Nf6 7. Nc3 0-0 8. f3 d6 9. Qd2 Bd7 10. g4 Ne5 11. Be2 Rc8 12. b3 a5 13. h4 a4 14. h5 Qa5 15. Rb1 axb3 16. axb3 Nc6 17. hxg6 fxg6 18. Nxc6 Bxc6 19. Nd5 Qxd2+ 20. Bxd2 Nxd5 21. exd5 Bd7 22. Bg5 e5 23. Be7 Rfe8 24. Bxd6 e4 25. f4 Ra8 26. Rf1 Ra2 27. f5 Bc3+ 28. Kf2 Bd4+ 29. Ke1 Bc3+ 30. Kd1 Rd2+ 31. Ke1 Rxd5+ 32. Kf2 Rxd6 33. fxg6 Rf8+ 34. Kg1 Rxf1+ 35. Rxf1 Rxg6 36. Rf4 Bd4+ 37. Kg2 Bc6 38. Kf1 Rf6 39. Rxf6 Bxf6 40. b4 Kf7 41. b5 Bd7 42. Kg2 Ke6 43. Kg3 Ke5 44. Kf2 Kf4 0-1

[Event "GER-chT U10"]
[Site "Magdeburg"]
[Date "2015.12.29"]
[Round "7.1"]
[White "Mueller, Linus"]
[Black "Fuhrmann, Bahne"]
[Result "1-0"]
[WhiteElo "936"]
[BlackElo "1131"]
[PlyCount "181"]
[EventDate "2015.12.27"]
[EventType "team-swiss"]
[EventRounds "7"]
[EventCountry "GER"]
[SourceTitle "EXT 2017"]
[Source "ChessBase"]
[SourceDate "2016.10.25"]
[SourceVersion "1"]
[SourceVersionDate "2016.10.25"]
[SourceQuality "1"]
[WhiteTeam "Hamburger SK II"]
[BlackTeam "Hamburger SK IV"]
[WhiteTeamCountry "GER"]
[BlackTeamCountry "GER"]

1. e4 e6 2. Nf3 d5 3. Nc3 d4 4. Nb5 Bc5 5. c3 dxc3 6. Nxc3 Bd4 7. d3 Nc6 8. Bf4 Nf6 9. Nxd4 Qxd4 10. Nb5 Qb4+ 11. Nc3 Qxb2 12. Na4 Qb4+ 13. Bd2 Qd6 14. Nc3 e5 15. Nb5 Qd8 16. Be2 Qd7 17. 0-0 Nb4 18. Nxc7+ Qxc7 19. Bxb4 a5 20. Rc1 Qd7 21. Bd2 0-0 22. Bc3 Re8 23. Bf3 Qe6 24. Rc2 Bd7 25. Rb2 Reb8 26. Re1 Rc8 27. Bd2 b5 28. Be3 Qd6 29. d4 Rc4 30. dxe5 Qxe5 31. Rbe2 Bg4 32. Bxg4 Nxg4 33. g3 Qxe4 34. Bf4 Qc6 35. Qd6 Qxd6 36. Bxd6 Nf6 37. Re3 Rcc8 38. Kg2 a4 39. Re5 Ra5 40. Bb4 Raa8 41. Rxb5 Rc2 42. a3 Ng4 43. Rf5 h6 44. h3 Nf6 45. Be7 Re8 46. Rfe5 Nd7 47. R5e4 f6 48. Bd6 Rxe4 49. Rxe4 Nb6 50. Rb4 Rc6 51. Be7 Nd5 52. Rb8+ Kf7 53. Bd8 Rc3 54. Rb5 Ne3+ 55. fxe3 Rxe3 56. Rb7+ Ke8 57. Ba5 Rxa3 58. Rb8+ Kf7 59. Rb4 Ra2+ 60. Kf3 a3 61. Ra4 Ra1 62. Bc3 Rd1 63. Rxa3 Rd3+ 64. Ke4 Rxg3 65. Ra7+ Kg6 66. Bd2 Rxh3 67. Ra1 Rh4+ 68. Kf3 h5 69. Be1 Rh3+ 70. Kg2 Rb3 71. Ra2 Kf5 72. Rf2+ Kg4 73. Bd2 Rg3+ 74. Kh2 f5 75. Rf4+ Kg5 76. Kxg3 h4+ 77. Rxh4+ Kf6 78. Bc3+ Kg6 79. Kf4 Kf7 80. Rh5 g6 81. Rh7+ Ke6 82. Rg7 g5+ 83. Rxg5 Kd5 84. Rxf5+ Kc4 85. Bh8 Kb3 86. Rc5 Kb4 87. Bd4 Kb3 88. Ke3 Kb4 89. Kd3 Ka4 90. Kc3 Ka3 91. Ra5# 1-0

[Event "GER-chT U10"]
[Site "Magdeburg"]
[Date "2015.12.28"]
[Round "3.1"]
[White "Seibt, Bruno"]
[Black "Mueller, Linus"]
[Result "1-0"]
[WhiteElo "1050"]
[BlackElo "936"]
[PlyCount "50"]
[EventDate "2015.12.27"]
[EventType "team-swiss"]
[EventRounds "7"]
[EventCountry "GER"]
[SourceTitle "EXT 2017"]
[Source "ChessBase"]
[SourceDate "2016.10.25"]
[SourceVersion "1"]
[SourceVersionDate "2016.10.25"]
[SourceQuality "1"]
[WhiteTeam "Oberland"]
[BlackTeam "Hamburger SK II"]
[WhiteTeamCountry "GER"]
[BlackTeamCountry "GER"]

1. e4 e5 2. Nf3 Nc6 3. Bc4 Bc5 4. c3 d6 5. d4 Bb6 6. Be3 Bg4 7. Nbd2 Nf6 8. h3 Bxf3 9. Nxf3 Nxe4 10. Qd3 d5 11. dxe5 Bxe3 12. Qxe3 0-0 13. 0-0 Qe7 14. Bxd5 Nc5 15. g4 Nd7 16. e6 Nf6 17. exf7+ Kh8 18. Qxe7 Nxe7 19. Bb3 c5 20. Rae1 Nc6 21. Ne5 Rac8 22. Nxc6 Rxc6 23. g5 Nh5 24. Re4 b5 25. Bd5 Rd6 1-0

[Event "GER-chT U10"]
[Site "Magdeburg"]
[Date "2014.12.28"]
[Round "3.3"]
[White "Sieber, Paale"]
[Black "Mueller, Linus"]
[Result "0-1"]
[WhiteElo "600"]
[BlackElo "600"]
[PlyCount "86"]
[EventDate "2014.12.27"]
[EventType "team-swiss"]
[EventRounds "7"]
[EventCountry "GER"]
[SourceTitle "EXT 2016"]
[Source "ChessBase"]
[SourceDate "2015.10.08"]
[SourceVersion "1"]
[SourceVersionDate "2015.10.08"]
[SourceQuality "1"]
[WhiteTeam "Leipzig Gruen Weiss II"]
[BlackTeam "Hamburger SK II"]
[WhiteTeamCountry "GER"]
[BlackTeamCountry "GER"]

1. e4 e5 2. Bc4 Nf6 3. Nc3 Bc5 4. Nf3 d6 5. d3 h6 6. 0-0 0-0 7. Qe1 Bg4 8. Nh4 Bb4 9. Nf5 Bxf5 10. exf5 Nc6 11. Qe2 d5 12. Bb3 d4 13. Ne4 Nxe4 14. Qxe4 Ne7 15. c3 Ba5 16. cxd4 exd4 17. f6 Ng6 18. fxg7 Kxg7 19. Qe2 Re8 20. Qd1 Re7 21. Bc2 Qe8 22. a3 Rd8 23. b4 Bb6 24. Qd2 Qh8 25. b5 Rd5 26. a4 a5 27. Ba3 Ree5 28. Rae1 Rg5 29. Re2 Nh4 30. Rfe1 Nxg2 31. Re8 Qh7 32. Bf8+ Kg6 33. R1e6+ fxe6 34. Rxe6+ Kf5 35. Qe2 Nf4+ 36. Kf1 Nxe2 37. Rxe2 Qg6 38. Ke1 Rg1+ 39. Kd2 Qg5+ 40. Re3 Re5 41. Be7 Qxe7 42. Rxe5+ Qxe5 43. f4 Qe1# 0-1